G20 Member Countries - Statistics

General Stats
  • This quiz has been taken 14 times
  • The average score is 5 of 19
Answer Stats
Famous for: Answer % Correct
largest country in South America Brazil
82%
India surpassed its population in 2023 China
73%
covers the highest % of size in its own continent Australia
64%
has the longest coastline Canada
45%
which share the longest border from the longest country (latitude wise) Argentina
36%
hosted the 2024 summer olympics France
36%
richest country in Europe Germany
36%
most popupated country India
36%
has a city with an elevation is only 1 meter above sea level called Venice Italy
18%
only bordering North Korea South Korea
18%
where the most populous island is in Indonesia
9%
where the largest city in the world is Japan
9%
where the largest city in North America is Mexico
9%
largest country Russia
9%
largest country in Middle East Saudi Arabia
9%
only G20 member in Africa South Africa
9%
which has the newest country name (changed in 2021) Türkiye
9%
4 kingdoms: England, Northern Ireland, Scotland, and Wales United Kingdom
9%
richest country United States
9%
No matching quizzes found
Score Distribution
Percent of People with Each Score
Percentile by Number Answered
Your Score History
You have not taken this quiz